Online Catalogue and eLibrary

Gam doren eliyata (Record no. 4822)

MARC details
000 -LEADER
fixed length control field 00413nam a2200145Ia 4500
005 - DATE AND TIME OF LATEST TRANSACTION
control field 20250310031916.0
008 - FIXED-LENGTH DATA ELEMENTS--GENERAL INFORMATION
fixed length control field 240331s9999 xx 000 0 und d
082 ## - DDC Classification
Item Number - Author Mark AMA
Class No. 891
100 ## - MAIN ENTRY--PERSONAL NAME
Personal name Amarasekara,G
245 #0 - TITLE STATEMENT
Title Gam doren eliyata
260 ## - PUBLICATION, DISTRIBUTION, ETC.
Place of publication, distribution, etc. Colombo
Name of publisher, distributor, etc. Lake house Investments
Date of publication, distribution, etc. 1985
300 ## - PHYSICAL DESCRIPTION
Extent (e.g. Volumes, Pages etc.) 119 p .,
500 ## - GENERAL NOTE
General note story of vedamathaiya 's children who came to Colombo for higher education.
942 ## - Koha item type (Biblio)
Koha item type Books in Stacks (Lending)
Holdings
Lost status Damaged status Collection code Home library Current library Shelving location Date acquired Full call number Accession Number Item type
    Lending WERC Library WERC Library Social Science Cupboard 03/31/2024 891.48 AMA 1372 Books in Stacks (Lending)

© WERC Library